Science : (Registro nro. 13165)

Detalles MARC
000 -LEADER
fixed length control field 00683nam a22002177a 4500
003 - CONTROL NUMBER IDENTIFIER
control field DO-SdBNP
005 - DATE AND TIME OF LATEST TRANSACTION
control field 20171128114828.0
008 - FIXED-LENGTH DATA ELEMENTS--GENERAL INFORMATION
fixed length control field 171128b 1975 nyu ||||| |||| 00| 0 spa d
040 ## - CATALOGING SOURCE
Original cataloging agency BPMSU
Language of cataloging spa
Transcribing agency BPMSU
092 ## - LOCALLY ASSIGNED DEWEY CALL NUMBER (OCLC)
Classification number xxxx
Item number xxxx
245 00 - TITLE STATEMENT
Title Science :
Remainder of title understanding your environment /
Statement of responsibility, etc. George G. Mallinson... [et al].
260 ## - PUBLICATION, DISTRIBUTION, ETC. (IMPRINT)
Place of publication, distribution, etc. Morristown, New Jersey :
Name of publisher, distributor, etc. Silver Burdett,
Date of publication, distribution, etc. 1975.
300 ## - PHYSICAL DESCRIPTION
Extent 176 p. :
Other physical details il´;
Dimensions 25 cm.
700 1# - ADDED ENTRY--PERSONAL NAME
Personal name Mallinson, George G.
700 1# - ADDED ENTRY--PERSONAL NAME
Personal name Mallinson, Jacqueline B.
700 1# - ADDED ENTRY--PERSONAL NAME
Personal name Ellwood, Esther P.
700 1# - ADDED ENTRY--PERSONAL NAME
Personal name Silva, Lorraine Z.
942 ## - ADDED ENTRY ELEMENTS (KOHA)
Source of classification or shelving scheme Dewey Decimal Classification
Koha item type Libros
945 ## - LOCAL PROCESSING INFORMATION (OCLC)
a Inventariado 2017
956 ## - LOCAL ELECTRONIC LOCATION AND ACCESS (OCLC)
Host name LOPEREZ
Access number 10
Compression information 20171128
Processor of request 0041
Existencias
Withdrawn status Lost status Source of classification or shelving scheme Damaged status Not for loan Collection code Home library Current library Date acquired Source of acquisition Total Checkouts Barcode Date last seen Price effective from Koha item type
    Dewey Decimal Classification     Colección General Biblioteca Pública Metropolitana Salomé Ureña Biblioteca Pública Metropolitana Salomé Ureña 11/28/2017 FUNDI   BPMET17110494 11/28/2017 11/28/2017 Libros